00398nam a22001577a 450000500170000001000150001702000110003203500140004303700130005708200100007010000140008024500430009426000370013727000460017430000200022020221101112551.0 aENG-135484 c150.00 aEN-119020 bDBAD/PUB a305.4 araj kumar aTowards a better world/c by raj kumar alucknowbpragati prakashanc2016 aC-2/8, river bank colonyblucknowe226018 a76p.c21cm(pbk)